| 000 | 00941cam a2200265 4500 | ||
|---|---|---|---|
| 001 | D16236 | ||
| 008 | 090401t1984 xxu||||| |||| 00| 0 eng d | ||
| 035 | _a(Sirsi) u28125 | ||
| 041 | _aeng | ||
| 050 | _a624.03 | ||
| 110 |
_aRoyal Institution of Chartered Surveyors _94900 |
||
| 245 | _aStandard method of measurement for industrial engineering construction authorised by agreement between The Association of Cost Engineers and the Royal Institution of Chartered Surveyors | ||
| 246 | _aSMMIEC | ||
| 260 |
_aLondon _bJoint Documentation Board _c1984 |
||
| 300 | _a47p. 30cm | ||
| 350 | _a14.5 | ||
| 520 | _aFiled at SMM 1984/1 B-E. | ||
| 520 | _aSuperseded by NRM | ||
| 650 | _aINDUSTRIAL ENGINEERING | ||
| 650 | _aBUILT ENVIRONMENT-QUANTITY SURVEYING-STANDARD METHOD OF MEASUREMENT | ||
| 710 |
_aJoint Documentation Board _91419 |
||
| 710 |
_aAssociation of Cost Engineers _91254 |
||
| 942 |
_n0 _2ddc |
||
| 948 | _c04/03/1997 | ||
| 999 |
_c89208 _d89208 |
||